Largest Cities in Oceania -- Sudden Death - Statistics

General Stats
  • This quiz has been taken 120 times
  • The average score is 6 of 18
Answers on the Grid
Answers color-coded by a green-red scale on the quiz's grid according to % correct below.
Adelaide
Albury - Wodonga
Alice Springs
Apia
Auckland
Brisbane
Broken Hill
Bunbury
Cairns
Canberra
Central Coast
Christchurch
Coffs Harbour
Darwin
Denpasar
Geelong
Gold Coast
Hobart
Honiara
Honolulu
Jayapura
Kailua - Kaneohe
Lae
Lower Hutt
Melbourne
Newcastle
Queenstown
Papeete
Perth
Port Moresby
Port Vila
Rockhampton
Rotorua
Sunshine Coast
Sydney
Wollongong
 
Answer Stats
Answer % Correct
Adelaide
95%
Auckland
82%
Brisbane
64%
Sydney
51%
Melbourne
49%
Perth
46%
Canberra
41%
Christchurch
36%
Gold Coast
33%
Honolulu
23%
Newcastle
21%
Port Moresby
21%
Wollongong
18%
Hobart
15%
Sunshine Coast
15%
Geelong
13%
Central Coast
10%
Jayapura
8%
No matching quizzes found
Score Distribution
Percent of People with Each Score
Percentile by Number Answered
Your Score History
You have not taken this quiz